| 000 | 00651nam a22002057a 4500 | ||
|---|---|---|---|
| 999 |
_c178591 _d178591 |
||
| 005 | 20210407145136.0 | ||
| 008 | 180718b xxu||||| |||| 00| 0 eng d | ||
| 020 | _c435.00 | ||
| 035 | _aB-229120 | ||
| 040 |
_aDpl _bEN |
||
| 082 |
_a576 _bBAN |
||
| 100 | _aBanerjee, Ajit Kumar | ||
| 245 |
_aFundamentals of Microbiology Immunology/ _cby Ajit Kumar Banerjee[and] Nirmalya Banerjee |
||
| 246 | _aMicrobiology Immunology | ||
| 260 |
_aKolkata _bNew Central Book ltd. _c2006 |
||
| 270 |
_a8/1 Chintamoni Das Lane _bKolkata-700009 |
||
| 300 |
_a860p.: _c26cm. |
||
| 500 | _aInculdes Miscellaneous | ||
| 942 |
_2ddc _cEN _h576 _mBAN |
||